000
00234 a2200097 4500
001
40832
100
_a
Amjed Islam Amjed
245
_a
Anhhoon Main Tiray Sapnay
260
_a
Lahore
_b
Sange-e-Meel Publishers
_c
090
_c
25093
_d
25093
942
_a
NUST-CAE
_c
M
_c
16773
999
_c
275905
_d
275905